10 największych miast Polski pod względem ludności - Statystyki

Ogólne statystyki
  • Ten quiz został rozwiązany 268 razy
  • Średni wynik to 9 z 10
Statystyki odpowiedzi
Hint Odpowiedź % Poprawnych
1 783 321 Warszawa
100%
774 839 Kraków
98%
468 158 Gdańsk
94%
641 607 Wrocław
92%
535 802 Poznań
90%
682 679 Łódź
89%
402 067 Szczecin
84%
349 021 Bydgoszcz
76%
297 356 Białystok
74%
339 770 Lublin
74%
Nie znaleziono quizów pasujących do podanych kryteriów
Rozkład punktacji
Procent ludzi z każdym wynikiem
Percentyl według liczby udzielonych odpowiedzi
Twoja historia wyników
Nie rozwiązałeś tego quizu